Central Library OPAC University of Rajshahi
Normal view MARC view

Entry Topical Term

Number of records used in: 2

001 - CONTROL NUMBER

  • control field: 8107

003 - CONTROL NUMBER IDENTIFIER

  • control field: BD-RjUL

005 - DATE AND TIME OF LATEST TRANSACTION

  • control field: 20230723151205.0

008 - FIXED-LENGTH DATA ELEMENTS

  • fixed length control field: 230723|| aca||aabn | a|a d

040 ## - CATALOGING SOURCE

  • Original cataloging agency: BD-RjUL
  • Transcribing agency: BD-RjUL

150 ## - HEADING--TOPICAL TERM

  • Topical term or geographic name entry element: Decomposition
  • Form subdivision: Effluent

670 ## - SOURCE DATA FOUND

  • Source citation: Work cat.: (BD-RjUL)81597: Tarque, Mahmud Hasan 8106, Photocatalytic Decomposition of Selected textile Industrial Effluent on fe-Ti-Zn Oxide Catalysts /, 2020